France ville où il pleut le plus - Statistiques

Statistiques générales
  • Ce quiz a été pris 69 fois
  • Le résultat moyen est 4 sur 10
Statistiques - réponses
Hint Réponse % Correct
3 Lyon
68%
5 Bayonne
56%
7 Saint Etienne
53%
1 Grenoble
52%
2 Annecy
48%
6 Pau
47%
10 Limoges
42%
4 Mulhouse
23%
8 Bourges
13%
9 Villeneuve d'Ascq
2%
Aucun quiz correspondant
Distribution des résultats
% des personnes avec chaque résultat
Percentile par nombre de réponses
Votre historique - résultats
Vous n’avez pas pris ce quiz